| 000 -LEADER |
| fixed length control field |
01267nam a22001817a 4500 |
| 005 - DATE AND TIME OF LATEST TRANSACTION |
| control field |
20220805121712.0 |
| 008 - FIXED-LENGTH DATA ELEMENTS--GENERAL INFORMATION |
| fixed length control field |
220805r2016 ||||| |||| 00| 0 geo d |
| 020 ## - INTERNATIONAL STANDARD BOOK NUMBER |
| Qualifying information |
19879687 |
| 041 ## - LANGUAGE CODE |
| Language code of text/sound track or separate title |
geo |
| 245 ## - TITLE STATEMENT |
| Title |
ქართული ემიგრაცია / |
| Statement of responsibility, etc. |
რედაქტორი ოთარ ჯანელიძე; გრიგოლ რობაქიძის სახელობის უნივერსიტეტის ქარტული ემიგრაციის ისტორიისა და გეოგრაფიის სამეცნიერო-კვლევითი ინსტიტუტი. |
| 260 ## - PUBLICATION, DISTRIBUTION, ETC. |
| Place of publication, distribution, etc. |
თბილისი, |
| Date of publication, distribution, etc. |
2016. |
| 300 ## - PHYSICAL DESCRIPTION |
| Extent |
v. |
| 653 ## - INDEX TERM--UNCONTROLLED |
| Uncontrolled term |
ქართული ემიგრაცია |
| 653 ## - INDEX TERM--UNCONTROLLED |
| Uncontrolled term |
პერიოდიკა |
| 700 ## - ADDED ENTRY--PERSONAL NAME |
| Personal name |
ჯანელიძე, ოთარ |
| Relator term |
რედაქტორი |
| 9 (RLIN) |
1743 |
| 710 ## - ADDED ENTRY--CORPORATE NAME |
| Corporate name or jurisdiction name as entry element |
გრიგოლ რობაქიძის სახელობის უნივერსიტეტის ქარტული ემიგრაციის ისტორიისა და გეოგრაფიის სამეცნიერო-კვლევითი ინსტიტუტი |
| 9 (RLIN) |
14509 |
| 942 ## - ADDED ENTRY ELEMENTS (KOHA) |
| Source of classification or shelving scheme |
|
| Koha item type |
პერიოდიკა |